| 000 | 00865nam a2200241Ia 4500 | ||
|---|---|---|---|
| 003 | GCL | ||
| 005 | 20240530095331.0 | ||
| 008 | 140319s9999 xx 000 0 ara d | ||
| 020 | _a8129245977 | ||
| 040 |
_aGCL / _cGCL |
||
| 082 | 0 | 4 |
_a720.9 _bق/ك ل |
| 100 | 1 | _aكمال الدين سامح | |
| 245 | 1 | 0 |
_aلمحات فى تاريخ العمارة المصرية منذ أقدم العصور حتى العصر الحديث / _cكمال الدين سامح |
| 250 | _aالاولى | ||
| 260 |
_aالقاهرة : _bدار نهضة الشرق |
||
| 300 |
_a143 ص ؛ _c24 سم |
||
| 650 | 0 | 4 | _aالعمارة المصرية |
| 650 | 0 | 4 | _aالعمارة المصرية القديمة |
| 650 | 0 | 4 | _aالعمارة - تاريخ |
| 650 | 0 | 4 | _aالعمارة الاسلامية - مصر |
| 650 | 0 | 4 | _aالعمارة الحديثة - مصر |
| 942 |
_2ddc _cBK |
||
| 999 |
_c6249 _d6249 |
||